The Italians in America

Na minha lista:
Detalhes bibliográficos
Formato: Livro
Idioma:Undetermined
Publicado em: Minneapolis Lerner 1967
Assuntos:
Tags: Adicionar Tag
Sem tags, seja o primeiro a adicionar uma tag!
Thư viện lưu trữ: Trung tâm Học liệu Trường Đại học Cần Thơ
LEADER 00399nam a2200157Ia 4500
001 CTU_11137
008 210402s9999 xx 000 0 und d
082 |a 973 
082 |b I35 
245 4 |a The Italians in America 
260 |a Minneapolis 
260 |b Lerner 
260 |c 1967 
650 |a italian americans 
904 |i Minh, 961016 
980 |a Trung tâm Học liệu Trường Đại học Cần Thơ